Uber zlepšil trh

Revolúcia v doprave alebo podnikanie za hranicami zákona. Uber je na slovenskom trhu už rok a pol. Nabúral obraz o taxi preprave a otestoval prístup štátu a samosprávy k zdieľanej ekonomike. Čo priniesol Uber do Bratislavy.

Na minha lista:
Detalhes bibliográficos
Autor principal: Nejedlý, Tomáš
Formato: Capítulo de Livro
Idioma:eslovaco
Assuntos:
Tags: Adicionar Tag
Sem tags, seja o primeiro a adicionar uma tag!

MARC

LEADER 00000naa a2200000 4500
001 0226376
005 20221104112821.0
041 0 |a slo 
044 |a SK 
245 1 0 |a Uber zlepšil trh  |c Tomáš Nejedlý 
520 |a Revolúcia v doprave alebo podnikanie za hranicami zákona. Uber je na slovenskom trhu už rok a pol. Nabúral obraz o taxi preprave a otestoval prístup štátu a samosprávy k zdieľanej ekonomike. Čo priniesol Uber do Bratislavy. 
610 2 0 |a doprava automobilová osobná 
610 2 0 |a ekonomika zdieľaná 
610 2 0 |a ceny 
610 2 0 |a podnikanie 
610 2 0 |a konkurencieschopnosť 
610 2 0 |a podnikatelia 
100 1 |a Nejedlý, Tomáš